|
|
|
|
| LEADER |
00000nab a2200000 a 4500 |
| 001 |
vtls008940224 |
| 003 |
SK-MaSNL |
| 005 |
20260304233605.0 |
| 008 |
140301c20061106xo dr|p|||||||000 b|slo |
| 015 |
|
|
|a SNBRB2007/01
|2 snkbucl
|
| 038 |
|
|
|a SNKBUCL
|
| 040 |
|
|
|a SNKBUCL
|b slo
|c SNKBUCL
|e AACR2
|
| 041 |
0 |
|
|a slo
|
| 044 |
|
|
|a xo
|c SK
|
| 080 |
|
|
|a 796.71.071.2
|2 1997
|
| 080 |
|
|
|a 929 Schumacher, Michael
|2 1997
|
| 100 |
1 |
|
|a Dúbravský, Dodo,
|d 1964-
|4 aut
|9 263888
|
| 245 |
1 |
0 |
|a O budúcnosti ešte nechce hovoriť
|b talentovaný, zbožňovaný aj kontroverzný - jeden z najúspešnejších pretekárov v histórii - M. Schumacher
|c Dodo Dúbravský
|
| 300 |
|
|
|b Fotogr.
|
| 600 |
1 |
7 |
|a Schumacher, Michael,
|d 1969-
|2 snkbucl
|9 131802
|
| 773 |
0 |
|
|t Hospodárske noviny
|g Roč. XIV., č. 211 (6.11.2006)
|x 1335-4701
|
| 773 |
0 |
8 |
|t Podnikanie
|g S. 27
|
| 852 |
|
|
|a SNK
|b KIS3GCP
|
| 958 |
|
|
|a BC
|
| 958 |
|
|
|a DE
|
| 999 |
|
|
|c 3199351
|d 3201281
|